Findings from the Penwithick Green Deal pilot scheme in Cornwall (Record no. 115159)

MARC details
000 -LEADER
fixed length control field 01368cam a22002655a 4500
001 - CONTROL NUMBER
control field L158128
008 - FIXED-LENGTH DATA ELEMENTS--GENERAL INFORMATION
fixed length control field 100208s2014 xxko f 000 0 eng d
020 ## - INTERNATIONAL STANDARD BOOK NUMBER
International Standard Book Number 9781848063785
035 ## - SYSTEM CONTROL NUMBER
System control number (Sirsi) u158128
041 0# - LANGUAGE CODE
Language code of text/sound track or separate title eng
050 04 - LIBRARY OF CONGRESS CALL NUMBER
Classification number 531.6 $2 18
100 1# - MAIN ENTRY--PERSONAL NAME
Personal name Weeks, Caroline
245 00 - TITLE STATEMENT
Title Findings from the Penwithick Green Deal pilot scheme in Cornwall
260 ## - PUBLICATION, DISTRIBUTION, ETC.
Place of publication, distribution, etc. Watford
Name of publisher, distributor, etc. BRE
Date of publication, distribution, etc. 2014
300 ## - PHYSICAL DESCRIPTION
Extent 12p.
Other physical details ill.
Dimensions 30cm.
490 #0 - SERIES STATEMENT
Series statement BRE Information Paper
Volume/sequential designation (7/14)
520 ## - SUMMARY, ETC.
Summary, etc. Improving the energy efficiency of the existing building stock is one of the biggest challenges facing the UK. The Government's Green Deal programme has been put in place to offer a financial mechanism to facilitate cost effective energy efficiency improvements to dwellings. This Information Paper presents the key findings from research carried out over a 2-year period investigating the effectiveness and financial viability of a range of refurbishment measures. These include air source heat pumps (ASHPs), external wall insulation (EWI), top-up loft insulation, new energy efficient oil boilers, photovoltaic (PV) systems and single room heat recovery ventilation units.
521 ## - TARGET AUDIENCE NOTE
Target audience note Advanced
590 ## - LOCAL NOTE (RLIN)
Local note KA
650 24 - SUBJECT ADDED ENTRY--TOPICAL TERM
Topical term or geographic name entry element ENERGY EFFICIENCY IN BUILDINGS
651 #4 - SUBJECT ADDED ENTRY--GEOGRAPHIC NAME
Geographic name United Kingdom
Chronological subdivision
690 ## - LOCAL SUBJECT ADDED ENTRY--TOPICAL TERM (OCLC, RLIN)
Topical term or geographic name as entry element Energy
9 (RLIN) 6237
700 1# - ADDED ENTRY--PERSONAL NAME
Personal name Weeks, Caroline
942 ## - ADDED ENTRY ELEMENTS (KOHA)
Suppress in OPAC 0
Source of classification or shelving scheme Dewey Decimal Classification
Holdings
Withdrawn status Lost status Source of classification or shelving scheme Damaged status Not for loan Home library Current library Shelving location Date acquired Total Checkouts Full call number Barcode Date last seen Copy number Price effective from Koha item type
    Dewey Decimal Classification     London London Books 09/07/2014   BRE 30075245 06/08/2019 1 06/08/2019 Book